000 00790nam a2200253 a 4500
001 000003528
003 DO-SdBNP
005 20240412074201.0
007 ta
008 090710s2007 dr a r 000 p spa d
020 _a9945421182
040 _aDO-SdBNP
_bspa
_cBNPHU
082 4 _aRD861.44
_bC737p
_222
100 1 _aComprés Bencosme, Carmen Sofía
_910923
245 1 0 _aPoema y variaciones /
_cCarmen Comprés ; prólogo Manuel Mora Serrano.
260 _aSanto Domingo :
_bAmigo del Hogar,
_c2007.
300 _a86 p. :
_bil. ;
_c23 cm.
590 _aInventariado, 2018/BT
650 4 _aPoesía dominicana
_966
650 0 _aLiteratura dominicana.
_967
700 1 _aMora Serrano, Manuel,
_c1933-
_epról.
_95162
910 _aValidado. Control de calidad MMOLINA
942 _2ddc
_cLBS1
999 _c3354
_d3354